d4vd Discography - Statistics

General Stats
  • This quiz has been taken 19 times
  • The average score is 22 of 33
Answer Stats
Hint Answer % Correct
Petals to Thorns Here With Me
100%
Petals to Thorns Romantic Homicide
88%
WITHERED Sky
88%
WITHERED Atomic Land
82%
WITHERED Crashing
82%
WITHERED Feel It
82%
WITHERED Afterlife
76%
Petals to Thorns WORTHLESS
76%
Petals to Thorns Backstreet Girl
71%
WITHERED Ghost
71%
Petals to Thorns Sleep Well
71%
Petals to Thorns The Bridge
71%
Petals to Thorns This Is How It Feels
71%
WITHERED What Are You Waiting For
71%
WITHERED Where'd It Go Wrong
71%
Petals to Thorns You and I
71%
Petals to Thorns Don't Forget About Me
65%
WITHERED Invisible String Theory (Interlude)
65%
WITHERED Is This Really Love?
65%
The Lost Petals Rehab
65%
Withering 2016
59%
WITHERED Friend Again
59%
Withering Leave Her
59%
The Lost Petals Once More
59%
WITHERED One More Dance
59%
The Lost Petals Poetic Vulgarity
59%
WITHERED Somewhere in the Middle
59%
WITHERED You Left Me First
59%
The Lost Petals Notes From A Wrist
53%
WITHERED Say It Back
53%
The Lost Petals Hollow Prayers
41%
WITHERED Unrequited - Bonus Track
41%
WITHERED Where Did You Go? - Bonus Track
41%
No matching quizzes found
Score Distribution
Percent of People with Each Score
Percentile by Number Answered
Your Score History
You have not taken this quiz